Australia's Largest Cities/Towns A-Z - Statistics

General Stats
  • This quiz has been taken 69 times
  • The average score is 13 of 26
Answer Stats
Hint Answer Population % Correct
S Sydney 5,312,163
100%
B Brisbane 2,514,184
98%
M Melbourne 5,078,193
98%
A Adelaide 1,345,777
96%
P Perth 2,059,484
96%
C Canberra 426,704
93%
D Darwin 148,564
88%
G Gold Coast 679,127
82%
N Newcastle 322,279
81%
H Hobart 224,462
79%
T Townsville 180,820
77%
W Wollongong 295,669
74%
L Launceston 87,328
49%
R Rockhampton 78,592
39%
K Kalgoorlie 29,849
33%
O Orange 39,755
30%
I Ipswich 213,638
19%
U Ulladulla 15,278
18%
E Echuca 18,523
16%
Q Queenbeyan 37,991
16%
F Forster 13,740
12%
Y Yeppoon 16,351
11%
V Victor Harbor 14,954
7%
X Xantippe 20
4%
Z Zeehan 728
4%
J Jimboomba 13,201
2%
No matching quizzes found
Score Distribution
Percent of People with Each Score
Percentile by Number Answered
Your Score History
You have not taken this quiz